Zürich Linie 32 - Statistiken

Allgemein
  • Dieses Quiz wurde 29 mal gespielt
  • Das Durchschnittsergebnis liegt bei 12 aus 26
Antwortstatistiken
32 % Korrekt
Militär-/Langstrasse
87%
Strassenverkehrsamt
83%
Limmatplatz
74%
Helvetiaplatz
70%
Holzerhurd
70%
Bucheggplatz
61%
Goldbrunnenplatz
61%
Kalkbreite/Bahnhof Wiedikon
61%
Friesenberg
52%
Zwinglihaus
52%
Friesenbergstrasse
48%
Glaubtenstrasse
43%
Hegianwandweg
39%
Kernstrasse
39%
Nordstrasse
39%
Röntgenstrasse
39%
Höfliweg
35%
Im Hagacker
35%
Rotbuchstrasse
35%
Neuaffoltern
30%
Zehntenhausplatz
30%
Brunnenhof
26%
Birchdörfli
22%
Einfangstrasse
22%
Hungerbergstrasse
17%
Lägernstrasse
17%
Keine übereinstimmenden Quizze gefunden
Verteilung der Resultate
Anzahl Personen mit jedem Resultat
Perzentil nach korrekt beantworteten Fragen
Ihre Resultats-Entwicklung
Sie haben dieses Quiz noch nicht gespielt